| 000 | | | 03810nac2a22002533x 450 |
| 001 | | | ac0bfda4-ebe1-4abf-85ca-6d7dddd4bead |
| 005 | | | 20190226083300.0 |
| 100 | ## | $a | 20190110l 1919k y0rusy50 ca |
| 101 | 0# | $a | rus |
| 102 | ## | $a | RU |
| 105 | ## | $a | y z ||||| |
| 200 | 1# | $a | Отношение уполномоченного МВД - командующему войсками генералу Матковскому о реквизиции зданий Томского университета под военные школы |
| | $j | 09 мая 1919 - 02 октября 1919 |
| 215 | ## | $a | 3 листа |
| 251 | ## | $c | Дело |
| 300 | ## | $a | Машинописный текст |
| 324 | ## | $a | В деле имеются копии отдельных документов |
| 461 | #0 | $1 | 0010f0e3429-2e37-4fb4-ace0-6332d350a692 |
| | $1 | 2001 |
| | $a | Министерство внутренних дел Российского правительства. Омск |
| | $1 | 251 |
| | $c | Фонд |
| | $1 | 852 |
| | $j | 1700 |
| | $g | Р |
| 462 | #0 | $1 | 001fc526e9e-3b76-4f4f-9aa4-d2ea0e927c42 |
| | $1 | 2001 |
| | $a | Департамент Государственного призрения. 1918-1920 гг. |
| | $v | Д. 15 |
| | $1 | 251 |
| | $c | Опись |
| | $1 | 852 |
| | $j | 6 |
| 600 | #1 | $a | Матковский |
| 601 | 02 | $3 | RU\NLR\AUTH\8810247804 |
| | $a | Временное Сибирское правительство |
| | $b | Министерство внутренних дел |
| 601 | 02 | $3 | RU\NLR\AUTH\883355 |
| | $a | Императорский Томский университет |
| 801 | #0 | $a | RU |
| | $b | GA_RF |
| 801 | #1 | $a | RU |
| | $b | ГлавНИВЦ |
| | $c | 20190110 |
| | $2 | rusmarc |
| 801 | #2 | $a | RU |
| | $b | ПБ им. Б.Н. Ельцина |
| | $c | 20190226 |
| | $g | RCR |
| | $2 | rusmarc |
| 852 | ## | $a | ГА РФ |
| | $j | 15 |
| 937 | ## | $d | 126135773 |
| | $h | ПБ |
| 035 | ## | $a | RuPRLIB51054635 |
| 856 | ## | $u | http://readingroom.main.prlib.ru/item.aspx?id_node=n126135773&mode=full |